000 006140000a22001930004500
020 _a0-939497-52-2
041 0 _aSPA
082 0 4 _aG 261.8357 S3549p
100 1 _aSchmierer, Don
245 1 0 _aUna pizca de prevención : La prevención de la condición homosexual en la juventud actual / Don Schmierer ; Liliana G. De Marco, Traductor
260 _aSanta Ana, CA., USA : Promesa
300 _a246 Pag
500 _aTítulo original : An ounce of prevention
001 6899
942 _cBK
999 _c37147
_d37147
336 _atexto
_btxt
_2rdacontent
337 _2rdamedia
_asin mediación
_bn
338 _2rdacarrier
_avolumen
_bnc